New pelican guide to english literature : (Record no. 7619)

MARC details
000 -LEADER
fixed length control field 00523cam a2200193ua 4500
008 - FIXED-LENGTH DATA ELEMENTS--GENERAL INFORMATION
fixed length control field 150205n xxk |||gr||||Z||||||eng
040 ## - CATALOGING SOURCE
Transcribing agency MAIN
041 ## - LANGUAGE CODE
-- eng
082 ## - DEWEY DECIMAL CLASSIFICATION NUMBER
Classification number 820
100 ## - MAIN ENTRY--PERSONAL NAME
Personal name Ford, B.,
Relator term
245 1# - TITLE STATEMENT
Title New pelican guide to english literature :
Remainder of title Vol V /
Statement of responsibility, etc. Edited by Boris Ford .
250 ## - EDITION STATEMENT
Edition statement 1st /
Remainder of edition statement From Blake to byron.
260 ## - PUBLICATION, DISTRIBUTION, ETC.
Place of publication, distribution, etc. London:
Name of publisher, distributor, etc. Penguin,
Date of publication, distribution, etc. 1984.
300 ## - PHYSICAL DESCRIPTION
Extent 428p.
942 ## - ADDED ENTRY ELEMENTS (KOHA)
Koha item type Books
653 ## - INDEX TERM--UNCONTROLLED
Uncontrolled term English.& Old English literatures
653 ## - INDEX TERM--UNCONTROLLED
Uncontrolled term English literature
Holdings
Withdrawn status Lost status Damaged status Not for loan Home library Current library Shelving location Date acquired Total Checkouts Full call number Barcode Date last seen Copy number Price effective from Koha item type
        Central Library, Naharkatiya College Central Library, Naharkatiya College General Stacks 19/09/2020   820 | NEW 4841 19/09/2020 1 19/09/2020 Books

Naharkatiya College © 2020. All rights reserved.

Powered By